Principles of Taxation (Record no. 620290)

MARC details
000 -LEADER
fixed length control field 00599nam a2200205 4500
008 - FIXED-LENGTH DATA ELEMENTS--GENERAL INFORMATION
fixed length control field 260428b |||||||| |||| 00| 0 eng d
020 ## - INTERNATIONAL STANDARD BOOK NUMBER
ISBN 9780073379647
Paper back/Hardbound hbk
041 ## - LANGUAGE CODE
Language code of text/sound track or separate title eng
082 ## - DEWEY DECIMAL CLASSIFICATION NUMBER
Classification number 343.7304
Item number JON
100 ## - MAIN ENTRY--AUTHOR NAME
Personal name Jones,Sally M.
245 ## - TITLE STATEMENT
Title Principles of Taxation
Sub Title for Business and Investment Planning
Statement of responsibility, etc Sally Jones M.
250 ## - EDITION STATEMENT
Edition statement 2010 Ed
260 ## - PUBLICATION, DISTRIBUTION, ETC. (IMPRINT)
Place of publication New York
Name of publisher McGraw-Hill/Irwin
Year of publication 2010
300 ## - PHYSICAL DESCRIPTION
Number of Pages 610p. :
Dimensions 25cm.
504 ## - BIBLIOGRAPHY, ETC. NOTE
Bibliography, etc Includes index
650 ## - SUBJECT ADDED ENTRY--TOPICAL TERM
Topical Term Military, tax, trade & industrial law
700 ## - ADDED ENTRY--PERSONAL NAME
Personal name Shelley C. Rhoades-catanach
942 ## - ADDED ENTRY ELEMENTS (KOHA)
Koha item type English Books
Holdings
Withdrawn status Lost status Damaged status Not for loan Home library Current library Shelving location Date acquired Full call number Accession Number Price effective from Koha item type
        Anna Centenary Library Anna Centenary Library 4TH FLOOR, A WING 04.01.2011 343.7304 JON 487573 28.04.2026 English Books

Find us on the map